书目信息 |
| 题名: |
中国经济基础与上层建筑变革关系研究
|
|
| 作者: | 陈荣荣 , 刘英骥 主编 | |
| 分册: | ||
| 出版信息: | 北京 经济管理出版社 2004.03 |
|
| 页数: | 255页 | |
| 开本: | 23cm | |
| 丛书名: | ||
| 单 册: | ||
| 中图分类: | B032.2 | |
| 科图分类: | ||
| 主题词: | 经济基础--关系--上层建筑--研究--中国 | |
| 电子资源: | ||
| ISBN: | 7-80162-836-5 | |
| 000 | 01482nam0 2200289 450 | |
| 001 | 0168611687 | |
| 005 | 20050912105814.15 | |
| 010 | @a7-80162-836-5@dCNY32.00 | |
| 100 | @a20050415d2004 km y0chiy0120 ea | |
| 101 | 0 | @achi |
| 102 | @aCN@b110000 | |
| 105 | @ay a 000yy | |
| 200 | 1 | @a中国经济基础与上层建筑变革关系研究@Azhong guo jing ji ji chu yu shang ceng jian zhu bian ge guan xi yan jiu@f陈荣荣, 刘英骥主编@Fchen rong rong,liu ying ji zhu bian |
| 210 | @a北京@c经济管理出版社@d2004.03 | |
| 215 | @a255页@d23cm | |
| 300 | @a中国经济改革研究基金会资助项目 北京市优秀人才培养专项经费资助项目 | |
| 312 | @a英文并列题名取自封面。 | |
| 314 | @a陈荣荣(1952- ), 北京市人。首都经济贸易大学经济学教授。作品有:《股份合作制实务》、《中国现阶段经济增长规律研究》等。 | |
| 320 | @a有书目 (第252-255页)。 | |
| 330 | @a本书运用实证的方法,首先列举了经济基础方面发生的变化,在经济体制改革进一步深化的基础上,对政治体制改革提出了新要求。全书回顾了政治体制改革的历史,分析了国有企业产权改革的深层次问题,探讨了政府经济职能转变与经济领域的法制建设的创新研究,考察分析了政治体制改革的原则、中心环节、目标和层次性,解读了党的“十六大”关于“政治文明”这一新概念。 | |
| 510 | 1 | @aRelation research between China economic base and superstructure change@zeng |
| 606 | 0 | @a经济基础@x关系@x上层建筑@x研究@y中国 |
| 690 | @aB032.2@v4 | |
| 701 | 0 | @a陈荣荣@Achen rong rong@4主编 |
| 701 | 0 | @a刘英骥@Aliu ying ji@4主编 |
| 801 | 0 | @aCN@bQSSK@c20050912 |
| 905 | @a10447@dB032.2@eC545 | |
| 中国经济基础与上层建筑变革关系研究/陈荣荣, 刘英骥主编.-北京:经济管理出版社,2004.03 |
| 255页;23cm |
| 中国经济改革研究基金会资助项目 北京市优秀人才培养专项经费资助项目 |
| ISBN 7-80162-836-5:CNY32.00 |
| 本书运用实证的方法,首先列举了经济基础方面发生的变化,在经济体制改革进一步深化的基础上,对政治体制改革提出了新要求。全书回顾了政治体制改革的历史,分析了国有企业产权改革的深层次问题,探讨了政府经济职能转变与经济领域的法制建设的创新研究,考察分析了政治体制改革的原则、中心环节、目标和层次性,解读了党的“十六大”关于“政治文明”这一新概念。 |
| ● |
| 相关链接 |
|
|
|
正题名:中国经济基础与上层建筑变革关系研究
索取号:B032.2/C545
 
预约/预借
| 序号 | 登录号 | 条形码 | 馆藏地/架位号 | 状态 | 备注 |
| 1 | 569017 | 205690171 | 社科库509/509社科库 7排3列4层/ [索取号:B032.2/C545] | 在馆 | |
| 2 | 569018 | 205690180 | 社科库509/509社科库 7排3列4层/ [索取号:B032.2/C545] | 在馆 | |
| 3 | 569019 | 205690199 | 社科库509/509社科库 7排3列4层/ [索取号:B032.2/C545] | 在馆 |